[Event "CT Honour Class #09"]
[Site "SchemingMind.com"]
[Date "2013.11.06"]
[Round "-"]
[White "Ezedoke"]
[Black "John Elburg"]
[Result "1/2-1/2"]
[WhiteCountry "ARG"]
[BlackCountry "NED"]
[WhiteElo "2560"]
[WhiteRD "79"]
[BlackElo "2570"]
[BlackRD "91"]
[GameID "341451"]

1. e4 e5 2. Nf3 Nc6 3. Bb5 Nf6 4. O-O Nxe4 5. d4 Nd6 6. Bxc6 dxc6 7. dxe5 Nf5 8. Qxd8+ Kxd8 9. Nc3 Ke8 10. Rd1 Ne7
11. h3 Ng6 12. b3 Be7 13. Ne2 Bd7 14. Bb2 Rd8 15. Ng3 Rg8 16. Nh5 Nf8 17. Nd4 c5 18. Ne2 Ne6 19. c4 Bc6 20. f3 Bh4
21. Nhg3 g6 22. Nf1 Bg5 23. Kf2 b6 24. Rxd8+ Kxd8 25. Rd1+ Kc8 26. Ne3 Rd8 27. Rxd8+ Kxd8 28. g3 Kd7 29. f4 Bd8 30. Nd5 a5
31. Ke3 a4 32. g4 axb3 33. axb3 Bh4 34. Bc3 Bb7 35. f5 Bg5+ 36. Kd3 gxf5 37. gxf5 Ng7 38. Ke4 Kd8 39. Nf4 Kd7 40. Be1 Bd8
41. Ne2 Bc8 42. Bd2 Nh5 43. Bh6 Ke8 44. h4 c6 45. Ne3 Bc7 46. Ng4 Bd8 47. Bg5 Bc7 48. Nf6+ Nxf6+ 49. Bxf6 b5 50. Ng3 bxc4
51. bxc4 Ba6 52. Kd3 Bc8 53. Bg7 Ba5 54. Ke3 Ke7 55. h5 Be1 56. f6+ Kd8 57. Ne4 Bf5 58. Ng5 Ke8 59. Kf3 Bd2 60. Ne4 Bxe4+=
1/2-1/2

[Event "CT Honour Class #09"]
[Site "SchemingMind.com"]
[Date "2013.11.05"]
[Round "-"]
[White "PunditX"]
[Black "John Elburg"]
[Result "1-0"]
[WhiteCountry "PHI"]
[BlackCountry "NED"]
[WhiteElo "2573"]
[WhiteRD "76"]
[BlackElo "2570"]
[BlackRD "91"]
[GameID "341452"]

1. Nf3 f5 2. d4 Nf6 3. g3 g6 4. Bg2 Bg7 5. O-O O-O 6. c4 d6 7. Nc3 c6 8. Rb1 a5 9. Qb3 h6 10. Rd1 Nbd7
11. Qc2 Qe8 12. b3 Qf7 13. Bb2 Nb6 14. e3 Ne4 15. Ne1 Nxc3 16. Bxc3 Nd7 17. Nd3 Nf6 18. Bb2 g5 19. a4 h5 20. Qe2 Rd8
21. f3 Bd7 22. Re1 h4 23. gxh4 gxh4 24. Rbc1 Bh6 25. Kh1 Kh7 26. Qf2 Bg5 27. f4 Ng4 28. Qe2 Bh6 29. e4 Rg8 30. d5 e5
31. fxe5 dxe5 32. Rcd1 cxd5 33. cxd5 Ne3 34. Bh3 fxe4 35. Nxe5 Bxh3 36. Nxf7 Bg4 37. Rd2 Bxe2 38. Rdxe2 Bf4 39. Bc1 Nxd5 40. Rxe4 Bxc1
41. Rxc1 Rac8 42. Rce1 Rg6 43. Rxh4+ Kg7 44. Ne5 Re8 45. Rhe4 Nf6 46. R4e2 Rg5 47. Nf3 Rxe2 48. Rxe2 Rf5 49. Ne5 b6 50. Kg2 Rg5+
51. Kf3 Rf5+ 52. Kg3 Kh6 53. Ng4+ Kh5 54. Nxf6+ Rxf6 55. Re5+ Kh6 56. Rd5 Kg7 57. Rg5+ Kh6 58. h4 Kh7 59. Rd5 Rc6 60. Kf4 Rc3
61. Rb5 Rc6 62. h5 Kh6 63. Rg5 Rf6+ 64. Rf5 Rc6 65. Ke4 Kh7 66. Kd4 Re6 67. Rg5 Rf6 68. Ke4 Rf8 69. Rf5 Re8+ 70. Re5 Rc8
71. Kd3 Rc6 72. Rg5 Rd6+ 73. Kc4
1-0

[Event "CT Honour Class #09"]
[Site "SchemingMind.com"]
[Date "2013.11.08"]
[Round "-"]
[White "Netferatu"]
[Black "Ilang"]
[Result "1-0"]
[WhiteCountry "ARG"]
[BlackCountry "HUN"]
[WhiteElo "2470"]
[WhiteRD "87"]
[BlackElo "2341"]
[BlackRD "70"]
[GameID "341505"]

1. c4 e5 2. Nc3 Nf6 3. Nf3 Nc6 4. g3 Bb4 5. Bg2 O-O 6. O-O e4 7. Ng5 Bxc3 8. bxc3 Re8 9. Qc2 Qe7 10. d3 exd3
11. exd3 d6 12. Nf3 Rb8 13. Bg5 Qe2 14. Qxe2 Rxe2 15. Bxf6 gxf6 16. Rfe1 Rxe1+ 17. Rxe1 Bf5 18. d4 Bd3 19. Nd2 Kf8 20. Re3 Bg6
21. Ne4 Kg7 22. f4 Ne7 23. Nxd6 cxd6 24. Rxe7 b5 25. c5 dxc5 26. dxc5 Rd8 27. g4 f5 28. g5 Rd3 29. c6 Rxc3 30. c7
1-0

[Event "CT Honour Class #09"]
[Site "SchemingMind.com"]
[Date "2013.11.08"]
[Round "-"]
[White "Netferatu"]
[Black "Munny"]
[Result "1-0"]
[WhiteCountry "ARG"]
[BlackCountry "GER"]
[WhiteElo "2470"]
[WhiteRD "87"]
[BlackElo "2302"]
[BlackRD "76"]
[GameID "341507"]

1. d4 Nf6 2. c4 g6 3. Nc3 Bg7 4. e4 d6 5. Nf3 O-O 6. Be2 e5 7. O-O Nc6 8. d5 Ne7 9. b4 Ne8 10. Rb1 h6
11. h3 f5 12. Bd3 f4 13. c5 g5 14. Bd2 Ng6 15. Be2 h5 16. Nh2 Nf6 17. Bxh5 Nxh5 18. Qxh5 Kf7 19. Qe2 Nh4 20. Nb5 a6
21. Na3 Kg8 22. Rb3 Qe7 23. Nc4 Bd7 24. Rc1 Bb5 25. Nf3
1-0

[Event "CT Honour Class #09"]
[Site "SchemingMind.com"]
[Date "2013.11.08"]
[Round "-"]
[White "John Elburg"]
[Black "Netferatu"]
[Result "1/2-1/2"]
[WhiteCountry "NED"]
[BlackCountry "ARG"]
[WhiteElo "2578"]
[WhiteRD "92"]
[BlackElo "2470"]
[BlackRD "87"]
[GameID "341510"]

1. e4 e5 2. Nf3 Nc6 3. Bb5 a6 4. Bxc6 dxc6 5. O-O f6 6. d4 exd4 7. Nxd4 c5 8. Nb3 Qxd1 9. Rxd1 Bg4 10. f3 Be6
11. Bf4 c4 12. Nd4 O-O-O 13. Nc3 Bf7 14. Nf5 Rxd1+ 15. Rxd1 Ne7 16. Ng3 h5 17. Be3 h4 18. Nge2 Nc6 19. Kf2 Bd6 20. Bf4 Bc5+
21. Be3 Bd6 22. Bf4 Bc5+ 23. Be3 Bd6 24. Bf4 Bc5+ 25. Be3 Bd6 26. Bf4 Bc5+ 27. Be3
1/2-1/2

[Event "CT Honour Class #09"]
[Site "SchemingMind.com"]
[Date "2013.11.08"]
[Round "-"]
[White "Ilang"]
[Black "Netferatu"]
[Result "1/2-1/2"]
[WhiteCountry "HUN"]
[BlackCountry "ARG"]
[WhiteElo "2341"]
[WhiteRD "70"]
[BlackElo "2470"]
[BlackRD "87"]
[GameID "341511"]

1. d4 Nf6 2. c4 e6 3. Nf3 d5 4. g3 dxc4 5. Bg2 a6 6. O-O Nc6 7. Nc3 Rb8 8. e4 Be7 9. Qe2 b5 10. Rd1 Nb4
11. d5 exd5 12. e5 Ng4 13. h3 Nh6 14. Bxh6 gxh6 15. Ne1 c6 16. a3 Nd3 17. Nxd3 cxd3 18. Qxd3 b4 19. Ne2 bxa3 20. bxa3 Bd7
21. Nf4 O-O 22. Qxa6 Qc7 23. Qe2 Rfe8 24. Rac1 Qb6 25. Nh5 Bd8 26. Bf3 Qb2 27. Qxb2= Rxb2 28. Bg4 Bxg4 29. hxg4 Rb6 30. Rb1 Ra6
31. Rb8 Kf8 32. Kg2 Bc7 33. Rxe8+ Kxe8 34. Nf6+ Ke7 35. f4 Rxa3 36. Rc1 Ra2+ 37. Kh3 Ra6 38. Nxd5+ cxd5 39. Rxc7+ Ke6 40. Rc8 Ke7
41. Rc7+ Ke6 42. Rc8 Ke7 43. Rc7+ Ke6
1/2-1/2

[Event "CT Honour Class #09"]
[Site "SchemingMind.com"]
[Date "2013.11.11"]
[Round "-"]
[White "chesshub"]
[Black "Netferatu"]
[Result "1/2-1/2"]
[WhiteCountry "FRA"]
[BlackCountry "ARG"]
[WhiteElo "2450"]
[WhiteRD "73"]
[BlackElo "2471"]
[BlackRD "99"]
[GameID "341512"]

1. e4 e5 2. Nf3 Nc6 3. Bb5 a6 4. Ba4 Nf6 5. O-O Be7 6. Re1 b5 7. Bb3 d6 8. c3 O-O 9. h3 Na5 10. Bc2 c5
11. d4 Qc7 12. d5 Bd7 13. b3 Nb7 14. Nbd2 g6 15. Nf1 Nh5 16. Bh6 Rfc8 17. c4 bxc4 18. bxc4 Na5 19. Bd3 Rab8 20. Bd2 f6
21. Qc1 Nb7 22. Bc2 Nd8 23. Qa3 Nf7 24. Rab1 Bd8 25. Rxb8 Rxb8 26. Qxa6 Nf4 27. Qa3 Qc8 28. Bxf4 exf4 29. Rb1 Ra8 30. Qb2 Qa6
31. Bb3 Ne5 32. N1d2 Kf7 33. Qc2 Ba5 34. Nxe5+ fxe5 35. Nf3 Bd8 36. Qc3 h6 37. Ne1 Rb8 38. Nd3 Ba5 39. Qc1 Bd8 40. g3 g5
41. Qd1 Kg6 42. Kh2 Bf6 43. Qe2 Kg7 44. Re1 Re8 45. gxf4 exf4 46. e5 Bxe5 47. Nxe5 dxe5 48. Bc2 e4 49. Bxe4 Qf6 50. Qd2 Bxh3
51. Bc2 Rxe1 52. Qxe1 Bd7 53. a4 Kf7 54. Qe4 Qd4 55. Qxd4 cxd4 56. c5 Ke7 57. Kg2 h5 58. f3 g4 59. a5 Bb5 60. fxg4 hxg4
61. Bf5 g3 62. a6 Bxa6 63. d6+ Ke8 64. c6 Bb5 65. c7=
1/2-1/2

[Event "CT Honour Class #09"]
[Site "SchemingMind.com"]
[Date "2013.11.08"]
[Round "-"]
[White "Munny"]
[Black "Netferatu"]
[Result "0-1"]
[WhiteCountry "GER"]
[BlackCountry "ARG"]
[WhiteElo "2302"]
[WhiteRD "76"]
[BlackElo "2470"]
[BlackRD "87"]
[GameID "341513"]

1. e4 e5 2. f4 exf4 3. Nf3 g5 4. Bc4 g4 5. O-O gxf3 6. Qxf3 Qf6 7. e5 Qxe5 8. d3 Bh6 9. Bd2 Ne7 10. Nc3 Nbc6
11. Rae1 Qd4+ 12. Kh1 O-O 13. Nb5 Qf6 14. Nxc7 Rb8 15. Re4 d6 16. Bxf4 Bd7 17. Qh5 Bg7 18. Ree1 Rbc8 19. Nb5 d5 20. Bb3 Qg6
21. Qf3 Bxb2
0-1

[Event "CT Honour Class #09"]
[Site "SchemingMind.com"]
[Date "2013.11.08"]
[Round "-"]
[White "Ezedoke"]
[Black "Netferatu"]
[Result "1/2-1/2"]
[WhiteCountry "ARG"]
[BlackCountry "ARG"]
[WhiteElo "2527"]
[WhiteRD "78"]
[BlackElo "2470"]
[BlackRD "87"]
[GameID "341514"]

1. e4 e5 2. Nf3 Nc6 3. Bb5 a6 4. Ba4 Nf6 5. O-O Be7 6. Re1 b5 7. Bb3 O-O 8. a4 b4 9. d4 d6 10. dxe5 dxe5
11. Nbd2 Bc5 12. Qe2 Qe7 13. Bd5 Nxd5 14. exd5 Nd4 15. Nxd4 Bxd4 16. Nb3 Qd6 17. Nxd4 exd4 18. Qe4 Bb7 19. Qxd4 Qxd5 20. Qxd5 Bxd5
21. Bf4 Rac8 22. Rad1 Rfd8 23. Rd2 Be6 24. f3 Rxd2 25. Bxd2 c5 26. Be3 Kf8 27. Rd1 Ke7 28. a5 c4 29. c3 b3 30. g4 f6
31. Kf2=
1/2-1/2